000 00647nam a2200205 a 4500
005 20240919064238.0
008 060522s2004 mx r 000 0 spa d
020 _a9586825264
035 _aUPN01000144586
049 _aCG
050 4 _aHC125
_bD4.9
245 0 3 _aEl desarrollo económico en los albores del Siglo XXI /
_ced. José Antonio Ocampo.
260 _aBogotá :
_bAlfaomega,
_c2004.
300 _a361 p.
440 0 _aEconomía de América Latina
650 4 _aDesarrollo económico
_96460
651 4 _aAMERICA LATINA -
_xCONDICIONES SOCIALES -
_vCONGRESOS
_96818
700 1 _aOcampo, José Antonio,
_eed.
_929763
905 _aLibro
999 _c116733
_d116733